Perspektívy zvárania duplexných ocelí laserom

Bibliographic Details
Main Authors: Kolenič, František, 1949- (Author), Křeček, Ivan (Author), Dřímal, Daniel (Author)
Format: Article
Language:Slovak
PhysicalDescription:Fotogr., tab.
ISSN:1336-5045
Subjects:

MARC

LEADER 00000nab a2200000 a 4500
001 vtls009352363
003 SK-MaSNL
005 20260303054925.0
008 150409c2008 xo |||||||||||000 b|slo
015 |a SNBRB2008/10  |2 snkbucl 
038 |a SNKBUCL 
040 |a SNKBUCL  |b slo  |c SNKBUCL  |e AACR2 
041 0 |a slo  |b eng  |b slo 
044 |a xo  |c SK 
080 |a 621.791.724/.725:669.14.018.8-462  |2 2001 
080 |a 669.14.018.8-462  |2 2001 
100 1 |a Kolenič, František,  |d 1949-  |4 aut  |9 10566 
245 1 0 |a Perspektívy zvárania duplexných ocelí laserom  |c František Kolenič, Ivan Křeček, Daniel Dřímal 
246 3 1 |a Prospects in laser welding of dupplex steels 
300 |b Fotogr., tab. 
504 |a Bibliogr. odkazy 
546 |a Res. angl., slov. 
650 0 7 |a duplexné nehrdzavejúce ocele  |2 snkbucl  |9 1036696 
650 0 7 |a oceľové rúrky  |2 snkbucl  |9 320381 
650 0 7 |a zváranie laserom  |2 snkbucl  |9 15569 
700 1 |a Křeček, Ivan  |4 aut  |9 1049608 
700 1 |a Dřímal, Daniel  |4 aut  |9 793141 
773 0 |t Zvárač  |g Roč. V, č. 3 (2008), s. 7-11  |x 1336-5045 
852 |a SNK  |b KIS3GCP 
958 |a NB 
999 |c 1725213  |d 1727143